Historia de las literaturas de vanguardia; tomo 2 /
Guardado en:
| Autor Principal: | |
|---|---|
| Formato: | Libro |
| Publicado: |
España :
Guadarrama,
1971
|
| Series: | Punto Omega, 118
|
| Materias: | |
| Etiquetas: |
Agregar Etiqueta
Sin Etiquetas, Sea el primero en etiquetar este registro!
|
| LEADER | 00606nam a22002175a 4500 | ||
|---|---|---|---|
| 001 | CEM.cems006303 | ||
| 005 | 20060214000000.0 | ||
| 008 | 130507s1971##################000#0#####d | ||
| 003 | CEMS | ||
| 082 | 0 | 4 | |a 809 |
| 100 | 1 | |a Torre, Guillermo de | |
| 245 | 1 | 0 | |a Historia de las literaturas de vanguardia; tomo 2 / |
| 260 | |a España : |b Guadarrama, |c 1971 | ||
| 300 | |a 334 p. | ||
| 490 | 0 | |a Punto Omega, 118 | |
| 653 | |a Imaginismo | ||
| 653 | |a Literatura | ||
| 653 | |a Literatura de vanguardia | ||
| 653 | |a Personalismo | ||
| 653 | |a Superrealismo | ||
| 859 | |a CEMS |b BIB. CEMS - 11 de abril |h 809 |i T635/2 |p 13692.86 |t Ej.1 | ||
